[Event "Madrid-ch Semifinal A"]
[Site "Madrid ESP"]
[Date "2016.03.07"]
[Round "1.1"]
[White "Perez Ordoñez, Jose Ramon"]
[Black "Longa Yauca, Javier"]
[Result "1/2-1/2"]
[WhiteElo "1966"]
[BlackElo "2276"]
[PlyCount "82"]
[EventDate "2016.03.07"]
[EventType "swiss"]
[EventRounds "9"]
[EventCountry "ESP"]
[Source "lmi"]
[SourceDate "2016.03.07"]

1. b3 Nf6 2. Bb2 c5 3. e3 Nc6 4. Nf3 d6 5. d4 cxd4 6. exd4 Bg4 7. Be2 e6 8. O-O
Nd5 9. c4 Nf4 10. h3 Bh5 11. Re1 Qf6 12. Nbd2 Be7 13. Bf1 Qg6 14. Kh2 Qh6 15.
d5 Nb4 16. Ne4 Bxf3 17. Qxf3 Nc2 18. Bc1 g5 19. Qc3 Nxe1 20. Qxh8+ Bf8 21. Bxf4
Nf3+ 22. gxf3 gxf4 23. Qf6 Qxf6 24. Nxf6+ Ke7 25. Ne4 Bg7 26. Rd1 Rd8 27. Bd3
Bd4 28. Bb1 e5 29. Rd2 h6 30. Re2 f5 31. Nd2 Kf6 32. b4 Bc3 33. b5 Rc8 34. Bd3
a5 35. bxa6 bxa6 36. Nb3 Bb4 37. Rc2 a5 38. a3 Bxa3 39. Nxa5 Rb8 40. Ra2 Bc5
41. Nc6 Rb3 1/2-1/2

[Event "Madrid-ch Semifinal A"]
[Site "Madrid ESP"]
[Date "2016.03.07"]
[Round "1.2"]
[White "Plazuelo Pascual, Juan"]
[Black "Marcos Herrero, Francisco"]
[Result "1-0"]
[WhiteElo "2249"]
[BlackElo "1963"]
[PlyCount "101"]
[EventDate "2016.03.07"]
[EventType "swiss"]
[EventRounds "9"]
[EventCountry "ESP"]
[Source "lmi"]
[SourceDate "2016.03.07"]

1. d4 Nf6 2. c4 c5 3. d5 b5 4. cxb5 a6 5. bxa6 g6 6. Nc3 Bg7 7. e4 O-O 8. a7
Rxa7 9. Nf3 e6 10. dxe6 fxe6 11. Bd3 d5 12. O-O Nc6 13. Bg5 Qb6 14. Bxf6 Bxf6
15. exd5 Nd4 16. Nxd4 Bxd4 17. Nb5 Rxf2 18. Nxd4 Rxf1+ 19. Qxf1 cxd4 20. Qe2
Ba6 21. Bxa6 d3+ 22. Qf2 Qxa6 23. dxe6 Re7 24. Rf1 Qc8 25. Qd4 Qxe6 26. Qxd3
Kg7 27. Qd4+ Kg8 28. b3 Rd7 29. Qc5 Rd8 30. h3 Kg7 31. Qc3+ Kg8 32. Rc1 Qb6+
33. Kh2 Ra8 34. Qc4+ Kh8 35. Qc3+ Kg8 36. b4 Rb8 37. Qc4+ Kh8 38. Qc3+ Kg8 39.
a3 Ra8 40. a4 Qe6 41. a5 Qd6+ 42. Kh1 Rb8 43. Qc4+ Kh8 44. b5 Qd2 45. b6 Qxa5
46. b7 Qa7 47. Qc8+ Kg7 48. Qd7+ Kh6 49. Qd2+ g5 50. Rc6+ Kh5 51. Qe2+ 1-0

[Event "Madrid-ch Semifinal A"]
[Site "Madrid ESP"]
[Date "2016.03.07"]
[Round "1.3"]
[White "Garcia Gutierrez, Jose"]
[Black "Quevedo Marin, Manuel"]
[Result "0-1"]
[WhiteElo "1947"]
[BlackElo "2231"]
[PlyCount "58"]
[EventDate "2016.03.07"]
[EventType "swiss"]
[EventRounds "9"]
[EventCountry "ESP"]
[Source "lmi"]
[SourceDate "2016.03.07"]

1. c4 Nf6 2. b3 g6 3. Bb2 Bg7 4. g3 c5 5. Bg2 Nc6 6. e3 O-O 7. Nf3 d6 8. O-O
Bf5 9. d3 Qd7 10. Nc3 Rfd8 11. Qd2 Bh3 12. Rad1 Bxg2 13. Kxg2 b6 14. Rfe1 d5
15. cxd5 Nxd5 16. Nxd5 Qxd5 17. Bxg7 Kxg7 18. Qb2+ Kg8 19. e4 Qd6 20. Kg1 e5
21. Rf1 Rd7 22. a3 Rad8 23. Ne1 Qe6 24. f4 Nd4 25. Rd2 exf4 26. Rxf4 Qxb3 27.
Qc1 Qe6 28. Rdf2 g5 29. Rf6 Qxf6 0-1

[Event "Madrid-ch Semifinal A"]
[Site "Madrid ESP"]
[Date "2016.03.07"]
[Round "1.4"]
[White "Pastor Alonso De Prado, Alberto"]
[Black "Camacho Casado, Demetrio"]
[Result "1-0"]
[WhiteElo "2141"]
[BlackElo "1899"]
[PlyCount "89"]
[EventDate "2016.03.07"]
[EventType "swiss"]
[EventRounds "9"]
[EventCountry "ESP"]
[Source "lmi"]
[SourceDate "2016.03.07"]

1. e4 e5 2. Nf3 Nc6 3. c3 d5 4. Qa4 Qd6 5. exd5 Qxd5 6. Bc4 Qe4+ 7. Kf1 Be6 8.
Bb5 Qxa4 9. Bxa4 Bc4+ 10. Ke1 b5 11. Bb3 e4 12. Ng5 Nf6 13. f3 exf3 14. Nxf3
Bd3 15. Na3 Bxa3 16. bxa3 O-O 17. Kf2 Ne4+ 18. Kg1 Rad8 19. a4 Rfe8 20. h4 Ng3
21. Rh3 Ne2+ 22. Kf2 Nf4 23. Rg3 Nh5 24. Rg5 Nf6 25. Kg1 Ne4 26. Rf5 Nd6 27.
Rc5 Na5 28. Rxc7 Nxb3 29. axb3 a6 30. Ba3 h6 31. Bxd6 Rxd6 32. axb5 axb5 33.
Raa7 Rg6 34. h5 Rg4 35. Re7 Rxe7 36. Rxe7 Bc2 37. b4 Be4 38. Re8+ Kh7 39. Ne1
Bd5 40. Re5 Bc6 41. Rc5 Bd7 42. Kf2 Rf4+ 43. Nf3 Rf6 44. Ke3 Kg8 45. Ne5 1-0

[Event "Madrid-ch Semifinal A"]
[Site "Madrid ESP"]
[Date "2016.03.07"]
[Round "1.5"]
[White "Ruiz Quevedo, Andres"]
[Black "Iagar, Razvan-Gabriel"]
[Result "0-1"]
[WhiteElo "1896"]
[BlackElo "2136"]
[PlyCount "88"]
[EventDate "2016.03.07"]
[EventType "swiss"]
[EventRounds "9"]
[EventCountry "ESP"]
[Source "lmi"]
[SourceDate "2016.03.07"]

1. c4 Nf6 2. g3 c6 3. Nf3 d5 4. b3 Bf5 5. Bg2 h6 6. O-O e6 7. Bb2 Nbd7 8. d3
Be7 9. Na3 O-O 10. Nc2 a5 11. Qc1 Bh7 12. Bc3 Ne8 13. Ne3 Bf6 14. d4 Nd6 15.
Ne5 Ne4 16. Bb2 Be7 17. f3 Nef6 18. Nd3 Qb8 19. Qc3 Bd6 20. cxd5 exd5 21. Nc2
Re8 22. Rae1 Nf8 23. Nf2 Rc8 24. Nd3 Ne6 25. Bh3 Re8 26. a3 Qa7 27. b4 Ng5 28.
Bg2 axb4 29. axb4 Rac8 30. Nc5 b6 31. Nd3 c5 32. dxc5 bxc5 33. Nxc5 Bxc5+ 34.
bxc5 Rxc5 35. Qd4 Bxc2 36. Rc1 Qc7 37. e4 dxe4 38. fxe4 Rc4 39. Qe3 Ngxe4 40.
Bxf6 Nxf6 41. Qd2 Bg6 42. Ra1 Rc2 43. Qb4 Qc5+ 44. Qxc5 Rxc5 0-1

[Event "Madrid-ch Semifinal A"]
[Site "Madrid ESP"]
[Date "2016.03.07"]
[Round "1.6"]
[White "Nuñez Miranda, Adrian"]
[Black "Yague Sanchez, Sergio"]
[Result "1-0"]
[WhiteElo "2120"]
[BlackElo "1893"]
[PlyCount "105"]
[EventDate "2016.03.07"]
[EventType "swiss"]
[EventRounds "9"]
[EventCountry "ESP"]
[Source "lmi"]
[SourceDate "2016.03.07"]

1. e4 c6 2. d4 d5 3. Nc3 dxe4 4. Nxe4 Nf6 5. Nxf6+ gxf6 6. c3 Bf5 7. Nf3 Qc7 8.
g3 e6 9. Bg2 Nd7 10. O-O O-O-O 11. c4 Be4 12. Re1 f5 13. Qa4 Nb6 14. Qb3 c5 15.
Bg5 Be7 16. Bxe7 Qxe7 17. Qa3 Kb8 18. Qxc5 Qxc5 19. dxc5 Nxc4 20. Ng5 Bxg2 21.
Kxg2 Rd7 22. b3 Na3 23. Red1 Rc7 24. Rac1 h6 25. Nf3 Kc8 26. Rd4 a6 27. Rh4 Nb5
28. Ne5 Na7 29. Nc4 Kd7 30. b4 Nc6 31. a4 Ke7 32. b5 axb5 33. axb5 Nb8 34. Na5
Nd7 35. c6 bxc6 36. Nxc6+ Kf6 37. Ra1 Ne5 38. Ra7 Rxa7 39. Nxa7 Rb8 40. Rxh6+
Kg7 41. Rh4 Rb7 42. Ra4 f6 43. Ra6 Nc4 44. Kf3 e5 45. Ke2 e4 46. f3 Kg6 47. h4
Kg7 48. h5 Kf7 49. fxe4 fxe4 50. Ra4 Nd6 51. Nc6 Rxb5 52. Ra7+ Rb7 53. Nd8+ 1-0

[Event "Madrid-ch Semifinal A"]
[Site "Madrid ESP"]
[Date "2016.03.07"]
[Round "1.7"]
[White "Lozano Sanchez, Jose Antonio"]
[Black "Nuñez Reiz, Antonio"]
[Result "1/2-1/2"]
[WhiteElo "1886"]
[BlackElo "2083"]
[PlyCount "104"]
[EventDate "2016.03.07"]
[EventType "swiss"]
[EventRounds "9"]
[EventCountry "ESP"]
[Source "lmi"]
[SourceDate "2016.03.07"]

1. e4 c5 2. Nf3 d6 3. Bc4 Nf6 4. Nc3 Nc6 5. h3 g6 6. O-O Bg7 7. d4 cxd4 8. Nxd4
O-O 9. Nxc6 bxc6 10. Qd3 Nd7 11. Bd2 Ne5 12. Qe2 Nxc4 13. Qxc4 Qb6 14. Na4 Qa6
15. Qxa6 Bxa6 16. Rfe1 Bb5 17. Nc3 Bc4 18. b3 Be6 19. Rad1 Rfc8 20. Ne2 a5 21.
Bc3 a4 22. Bxg7 Kxg7 23. Nc3 axb3 24. axb3 Ra5 25. Ra1 Rca8 26. Ra4 Rxa4 27.
Nxa4 Ra5 28. f4 Kf6 29. Kf2 h5 30. Ke3 h4 31. Rd1 g5 32. Rf1 gxf4+ 33. Rxf4+
Kg5 34. Rf2 f5 35. exf5 Rxf5 36. Nc3 d5 37. Ne2 c5 38. Rxf5+ Bxf5 39. c3 e5 40.
Kd2 Be4 41. g3 Bg2 42. gxh4+ Kxh4 43. Ng1 Kg3 44. b4 cxb4 45. cxb4 e4 46. Ke3
Bf1 47. Ne2+ Kxh3 48. Nf4+ Kg4 49. Nxd5 Kf5 50. Nc3 Ke5 51. Nxe4 Kd5 52. Nd2
Ba6 1/2-1/2

[Event "Madrid-ch Semifinal A"]
[Site "Madrid ESP"]
[Date "2016.03.07"]
[Round "1.8"]
[White "Lopez de Turiso, Jose Angel"]
[Black "Perez Cameselle, Francisco Jose"]
[Result "1/2-1/2"]
[WhiteElo "2051"]
[BlackElo "1868"]
[PlyCount "116"]
[EventDate "2016.03.07"]
[EventType "swiss"]
[EventRounds "9"]
[EventCountry "ESP"]
[Source "lmi"]
[SourceDate "2016.03.07"]

1. d4 d5 2. Nf3 Nf6 3. e3 g6 4. Bd3 Bg7 5. Nbd2 O-O 6. O-O Nbd7 7. b3 c5 8. Bb2
b6 9. c4 Bb7 10. Re1 Rc8 11. e4 dxe4 12. Nxe4 Nxe4 13. Bxe4 Bxe4 14. Rxe4 Nf6
15. Re2 cxd4 16. Bxd4 e6 17. Qe1 Nd7 18. Bxg7 Kxg7 19. Rd1 Qe7 20. Qc3+ Qf6 21.
Qe3 Rfd8 22. Red2 Nf8 23. Rxd8 Rxd8 24. Rxd8 Qxd8 25. Qd4+ Qxd4 26. Nxd4 a5 27.
Kf1 e5 28. Nc2 f5 29. Ke2 Kf7 30. Kd3 Ke6 31. a3 Nd7 32. b4 axb4 33. axb4 Kd6
34. g3 Nf6 35. f3 Nd7 36. Ne3 Nf6 37. Kc3 Kc6 38. Nd1 Kd6 39. Nf2 Kc6 40. Nd3
Kd6 41. Nb2 Kc6 42. Na4 b5 43. cxb5+ Kxb5 44. Kb3 e4 45. fxe4 fxe4 46. Nc3+ Kc6
47. Kc4 Ng4 48. b5+ Kb6 49. Nxe4 Nxh2 50. Nf6 h5 51. Nd5+ Kb7 52. Nc3 g5 53.
Ne4 h4 54. gxh4 gxh4 55. Kc5 Nf3 56. Nf2 Ng5 57. b6 h3 58. Nxh3 Nxh3 1/2-1/2

[Event "Madrid-ch Semifinal A"]
[Site "Madrid ESP"]
[Date "2016.03.07"]
[Round "1.9"]
[White "Marin Aso, Jose Luis"]
[Black "Martin Martin, Luis Vicente"]
[Result "1-0"]
[WhiteElo "1852"]
[BlackElo "2024"]
[PlyCount "27"]
[EventDate "2016.03.07"]
[EventType "swiss"]
[EventRounds "9"]
[EventCountry "ESP"]
[Source "lmi"]
[SourceDate "2016.03.07"]

1. e4 d5 2. exd5 Qxd5 3. Nf3 Bg4 4. Be2 Nc6 5. d4 O-O-O 6. c4 Qa5+ 7. Bd2 Qf5
8. Be3 Nf6 9. Nc3 e5 10. d5 Nb4 11. O-O Nc2 12. Bd3 e4 13. Bxc2 Qg6 14. Ne5 1-0

[Event "Madrid-ch Semifinal A"]
[Site "Madrid ESP"]
[Date "2016.03.07"]
[Round "1.10"]
[White "Alvarez Abejon, Amilcar"]
[Black "Camarero Izquierdo, Juan Carlos"]
[Result "0-1"]
[WhiteElo "2016"]
[BlackElo "1844"]
[PlyCount "96"]
[EventDate "2016.03.07"]
[EventType "swiss"]
[EventRounds "9"]
[EventCountry "ESP"]
[Source "lmi"]
[SourceDate "2016.03.07"]

1. e4 c5 2. Nf3 d6 3. d4 cxd4 4. Nxd4 Nf6 5. Nc3 a6 6. Be2 e6 7. O-O Be7 8. Be3
O-O 9. f4 Qc7 10. g4 Nc6 11. g5 Nd7 12. f5 Nxd4 13. Qxd4 Qd8 14. Qd2 b5 15. Bd3
Bb7 16. a3 Ne5 17. Qg2 exf5 18. Rxf5 Bc8 19. Nd5 Bxf5 20. exf5 f6 21. g6 hxg6
22. fxg6 f5 23. Qh3 Nxg6 24. Bxf5 Nh4 25. Be6+ Kh7 26. Qg4 g6 27. Bb6 Qe8 28.
Bf2 Nf3+ 29. Kh1 Ne5 30. Qh3+ Kg7 31. Bd4 Rh8 32. Qc3 Rh5 33. Qc7 Qf8 34. Qxe7+
Qxe7 35. Nxe7 Kf6 36. Bd5 Rah8 37. Ng8+ Kg7 38. Rf1 Rxh2+ 39. Kg1 R2h4 40. Rf7+
Kxg8 41. Rf4+ Kg7 42. Rf7+ Kh6 43. Be3+ Kh5 44. Ra7 Kg4 45. Rxa6 Nf3+ 46. Kf1
Re8 47. Ke2 Rh2+ 48. Kd3 Ne1+ 0-1

[Event "Madrid-ch Semifinal A"]
[Site "Madrid ESP"]
[Date "2016.03.07"]
[Round "1.11"]
[White "Lopez Heras, Arturo"]
[Black "Ciuro Muñoz, Ricardo"]
[Result "1-0"]
[WhiteElo "1841"]
[BlackElo "2014"]
[PlyCount "97"]
[EventDate "2016.03.07"]
[EventType "swiss"]
[EventRounds "9"]
[EventCountry "ESP"]
[Source "lmi"]
[SourceDate "2016.03.07"]

1. e4 e6 2. d4 d5 3. e5 c5 4. c3 Qb6 5. a3 c4 6. Nd2 Nc6 7. b3 cxb3 8. Nxb3 Bd7
9. Nf3 Rc8 10. Bd2 f6 11. Bd3 Nd8 12. a4 Nf7 13. O-O f5 14. Qe2 Qd8 15. Rfb1 g5
16. c4 g4 17. Ne1 dxc4 18. Bxc4 b6 19. a5 Qc7 20. axb6 axb6 21. Rc1 Qb8 22. Nd3
Nd8 23. Nb4 Ne7 24. Bb5 Rxc1+ 25. Rxc1 Qb7 26. Qc4 Kf7 27. Bg5 Rg8 28. Bf6 Bh6
29. Rc2 Bg5 30. Bxe7 Bxe7 31. Bxd7 Qxd7 32. Nc6 Re8 33. Nxe7 Rxe7 34. g3 Qb7
35. Nc1 b5 36. Qc5 Qe4 37. Re2 Qb1 38. Qc2 Qa1 39. Re1 Qxd4 40. Rd1 Nc6 41.
Rxd4 Nxd4 42. Qc8 Ra7 43. Kg2 Nf3 44. Qh8 Ra1 45. Qf6+ Ke8 46. Qxe6+ Kd8 47.
Qd6+ Kc8 48. Qc6+ Kb8 49. Qxb5+ 1-0

[Event "Madrid-ch Semifinal A"]
[Site "Madrid ESP"]
[Date "2016.03.07"]
[Round "1.12"]
[White "Tereso Martin, Antonio"]
[Black "Martin-Consuegra Barrilero, Francisco Javier"]
[Result "1-0"]
[WhiteElo "2013"]
[BlackElo "1841"]
[PlyCount "73"]
[EventDate "2016.03.07"]
[EventType "swiss"]
[EventRounds "9"]
[EventCountry "ESP"]
[Source "lmi"]
[SourceDate "2016.03.07"]

1. d4 d6 2. Nf3 Nf6 3. Bg5 Nbd7 4. Nc3 c6 5. a4 a5 6. e4 e5 7. d5 Be7 8. Qd2 h6
9. Be3 Ng4 10. O-O-O Nxe3 11. Qxe3 Qb6 12. Qe1 Nc5 13. Nd2 O-O 14. Kb1 Qb4 15.
Nc4 Nxa4 16. Nxa4 Qxe1 17. Rxe1 b5 18. Nab6 bxc4 19. Nxa8 Bb7 20. Nb6 cxd5 21.
Nxd5 Bxd5 22. exd5 c3 23. bxc3 Bg5 24. Rd1 e4 25. Bb5 f5 26. c4 Bf6 27. c5 dxc5
28. c4 Bd4 29. Rd2 f4 30. Re2 e3 31. fxe3 fxe3 32. Kc2 Ra8 33. Ba4 Rd8 34. Rd1
Rf8 35. d6 Rf6 36. d7 Rd6 37. Rxe3 1-0

[Event "Madrid-ch Semifinal A"]
[Site "Madrid ESP"]
[Date "2016.03.07"]
[Round "1.13"]
[White "Roldan Garcia, Angel"]
[Black "Cabañas Bravo, Juan Andres"]
[Result "0-1"]
[WhiteElo "1840"]
[BlackElo "2009"]
[PlyCount "70"]
[EventDate "2016.03.07"]
[EventType "swiss"]
[EventRounds "9"]
[EventCountry "ESP"]
[Source "lmi"]
[SourceDate "2016.03.07"]

1. e4 e5 2. Nf3 Nc6 3. Bb5 Bc5 4. O-O Qf6 5. c3 Nge7 6. Re1 O-O 7. d4 exd4 8.
e5 Qg6 9. b4 Bb6 10. Bd3 Qh5 11. b5 Na5 12. cxd4 Nf5 13. Be2 d6 14. exd6 Nxd6
15. Ne5 Qh4 16. Nf3 Qd8 17. Ba3 Re8 18. Nc3 Be6 19. Bc5 Bc4 20. Ne5 Bxe2 21.
Rxe2 f6 22. Nf3 Qd7 23. a4 Rxe2 24. Qxe2 Qf7 25. Bxb6 axb6 26. d5 Nb3 27. Rb1
Nc5 28. Ra1 Kf8 29. Nd4 Re8 30. Qc2 Qh5 31. h3 Qh4 32. Nf3 Qc4 33. Rc1 g6 34.
Qd2 Kg7 35. Nh2 Nb3 0-1

[Event "Madrid-ch Semifinal A"]
[Site "Madrid ESP"]
[Date "2016.03.07"]
[Round "1.14"]
[White "Gonzalez Mateos, Rafael"]
[Black "Cano Mercado, Francisco Manuel"]
[Result "1-0"]
[WhiteElo "2003"]
[BlackElo "1837"]
[PlyCount "57"]
[EventDate "2016.03.07"]
[EventType "swiss"]
[EventRounds "9"]
[EventCountry "ESP"]
[Source "lmi"]
[SourceDate "2016.03.07"]

1. d4 Nf6 2. c3 d5 3. Nf3 Nbd7 4. Bf4 e6 5. e3 c5 6. Nbd2 Qb6 7. Qb3 Be7 8. Be2
O-O 9. h3 Qxb3 10. axb3 b6 11. O-O Bb7 12. Ba6 Bc6 13. Ra2 Rfe8 14. Rfa1 Nh5
15. Bh2 f5 16. dxc5 Nxc5 17. Be2 Nf6 18. Rxa7 Rac8 19. Ne5 Bd6 20. Nxc6 Bxh2+
21. Kxh2 Rxc6 22. Bb5 Rec8 23. Bxc6 Rxc6 24. b4 Nd3 25. Rb7 h5 26. Raa7 Kh7 27.
Rxg7+ Kh6 28. Rgc7 Rd6 29. Nf3 1-0

[Event "Madrid-ch Semifinal A"]
[Site "Madrid ESP"]
[Date "2016.03.07"]
[Round "1.15"]
[White "Pashov, Spas Nikolov"]
[Black "Lorenzo Bailador, Alfredo"]
[Result "1/2-1/2"]
[WhiteElo "1834"]
[BlackElo "1991"]
[PlyCount "91"]
[EventDate "2016.03.07"]
[EventType "swiss"]
[EventRounds "9"]
[EventCountry "ESP"]
[Source "lmi"]
[SourceDate "2016.03.07"]

1. e4 e5 2. Nf3 Nc6 3. c3 Nf6 4. d4 Nxe4 5. d5 Ne7 6. Nxe5 Ng6 7. Qd4 Qf6 8.
Qxe4 Qxe5 9. Bd3 Bc5 10. Be3 Bxe3 11. Qxe3 Qxe3+ 12. fxe3 Ne5 13. Ke2 d6 14. e4
O-O 15. h3 f5 16. Bc2 fxe4 17. Bxe4 Bd7 18. b3 Rae8 19. Rf1 Bb5+ 20. c4 Nxc4
21. Rxf8+ Kxf8 22. Nc3 Nb6+ 23. Kf3 Bd7 24. Bxh7 Re5 25. Rc1 Ke7 26. Be4 c6 27.
Rd1 Be8 28. Rd2 Kd7 29. g3 Bf7 30. dxc6+ bxc6 31. g4 d5 32. Bf5+ Be6 33. Kf4
Re1 34. Bxe6+ Rxe6 35. g5 Kd6 36. h4 g6 37. Re2 Rxe2 38. Nxe2 c5 39. Ng3 Nd7
40. h5 gxh5 41. Nxh5 Ke6 42. Ng7+ Kf7 43. Nf5 Ke6 44. Ng7+ Kf7 45. Nf5 Ke6 46.
Ng7+ 1/2-1/2

[Event "Madrid-ch Semifinal A"]
[Site "Madrid ESP"]
[Date "2016.03.07"]
[Round "1.16"]
[White "Martos De La Vega, Alvar"]
[Black "Fernandez Bonilla, M. Arcangel"]
[Result "1-0"]
[WhiteElo "1990"]
[BlackElo "1829"]
[PlyCount "87"]
[EventDate "2016.03.07"]
[EventType "swiss"]
[EventRounds "9"]
[EventCountry "ESP"]
[Source "lmi"]
[SourceDate "2016.03.07"]

1. d4 Nf6 2. c4 g6 3. Nc3 Bg7 4. e4 d6 5. Nf3 O-O 6. Be2 e5 7. O-O Nc6 8. d5
Ne7 9. b4 Nd7 10. a4 f5 11. Nd2 Nf6 12. f3 f4 13. c5 g5 14. Nc4 h5 15. Qb3 Kh7
16. Ba3 Ng6 17. b5 Ne8 18. b6 dxc5 19. bxc7 Nxc7 20. Bxc5 g4 21. Nd6 Qh4 22.
Nxc8 Rfxc8 23. Rfc1 Na6 24. Bd6 Nc5 25. Bxc5 Rxc5 26. Nb5 Bf8 27. d6 Rac8 28.
Rxc5 Rxc5 29. Rd1 a6 30. Na3 Kh6 31. Qe6 Rc6 32. Nc4 Qg5 33. Qf7 b5 34. d7 Qd8
35. axb5 axb5 36. Qe8 Be7 37. Na5 Qxa5 38. d8=Q Bxd8 39. Qxc6 Bb6+ 40. Kh1 b4
41. fxg4 hxg4 42. Bxg4 Qc5 43. Qe6 Qc2 44. Qxb6 1-0

[Event "Madrid-ch Semifinal A"]
[Site "Madrid ESP"]
[Date "2016.03.07"]
[Round "1.17"]
[White "Corral Aragon, Juan Maria"]
[Black "Rottenwohrer Suarez, Juan"]
[Result "0-1"]
[WhiteElo "1805"]
[BlackElo "1985"]
[PlyCount "74"]
[EventDate "2016.03.07"]
[EventType "swiss"]
[EventRounds "9"]
[EventCountry "ESP"]
[Source "lmi"]
[SourceDate "2016.03.07"]

1. e4 c5 2. Nf3 g6 3. c3 d5 4. Bb5+ Bd7 5. Bxd7+ Qxd7 6. e5 Nc6 7. d4 Bg7 8.
O-O Nh6 9. Re1 cxd4 10. e6 fxe6 11. cxd4 O-O 12. Ne5 Qd6 13. Bxh6 Bxh6 14. g3
Bg7 15. Nxc6 bxc6 16. Nc3 Rab8 17. Qg4 Rxb2 18. Rxe6 Qd7 19. Rf1 Rf6 20. Rfe1
h5 21. Qh3 Rfxf2 22. Nd1 Rfe2 23. R6xe2 Qxh3 24. Nxb2 Bxd4+ 25. Kh1 Qf5 26. Kg2
e5 27. h3 e4 28. Rf1 Qg5 29. Rf4 Be5 30. h4 Qe7 31. Rf1 Qa3 32. Nd1 Qxg3+ 33.
Kh1 Qxh4+ 34. Kg1 Bd4+ 35. Rff2 Bxf2+ 36. Nxf2 e3 37. Rxe3 Qg5+ 0-1

[Event "Madrid-ch Semifinal A"]
[Site "Madrid ESP"]
[Date "2016.03.07"]
[Round "1.18"]
[White "Madrigal Muga, Jose M"]
[Black "Corredor San Jose, Antonio"]
[Result "1-0"]
[WhiteElo "1982"]
[BlackElo "1772"]
[PlyCount "41"]
[EventDate "2016.03.07"]
[EventType "swiss"]
[EventRounds "9"]
[EventCountry "ESP"]
[Source "lmi"]
[SourceDate "2016.03.07"]

1. e4 Nf6 2. e5 Nd5 3. c4 Nb6 4. d4 d6 5. exd6 cxd6 6. Nf3 Bf5 7. Bd2 e6 8. Bc3
d5 9. c5 N6d7 10. b4 Be7 11. Bd3 Bg6 12. Bxg6 hxg6 13. O-O Bf6 14. b5 Qc7 15.
Re1 g5 16. g3 Kf8 17. Bb4 Kg8 18. Nc3 a5 19. Ba3 Nb6 20. Qd3 N6d7 21. Nxd5 1-0

[Event "Madrid-ch Semifinal A"]
[Site "Madrid ESP"]
[Date "2016.03.07"]
[Round "1.19"]
[White "Valencia De Loma, Sergio"]
[Black "Rosa Ramirez, Victor D"]
[Result "1-0"]
[WhiteElo "1689"]
[BlackElo "1971"]
[PlyCount "119"]
[EventDate "2016.03.07"]
[EventType "swiss"]
[EventRounds "9"]
[EventCountry "ESP"]
[Source "lmi"]
[SourceDate "2016.03.07"]

1. e4 e6 2. b3 d5 3. Bb2 Nf6 4. e5 Nfd7 5. f4 c5 6. Qg4 Nc6 7. Nf3 a6 8. c3 f5
9. Qg3 Nb6 10. d4 cxd4 11. Nxd4 Qc7 12. Nxc6 bxc6 13. Nd2 Be7 14. Be2 Qa7 15.
Rc1 Rb8 16. Nf3 Na4 17. Ba1 Qe3 18. Nd2 Qxg3+ 19. hxg3 Nc5 20. g4 O-O 21. g5 g6
22. g3 a5 23. Kf2 Ne4+ 24. Nxe4 fxe4 25. Rh2 Bxg5 26. Rch1 Rf7 27. Ke3 Be7 28.
c4 Bc5+ 29. Bd4 Bb4 30. c5 Ra8 31. Ra1 Ba3 32. Rb1 Rb8 33. Bb2 Bxc5+ 34. Bd4
Ba3 35. Bb2 Be7 36. Rc1 c5 37. Ba3 a4 38. Bd1 Bb7 39. Bxc5 Rc8 40. b4 Bd8 41.
Bxa4 g5 42. Rch1 Rg7 43. Rh6 gxf4+ 44. gxf4 Ra8 45. Bb3 Bc8 46. R1h3 Be7 47. f5
Bg5+ 48. Kf2 Bxh6 49. Rxh6 Rf7 50. f6 Ba6 51. Bd1 Bd3 52. Ke3 Rxa2 53. Bh5 Rg2
54. Bxf7+ Kh8 55. Bxe6 d4+ 56. Kxd4 Rd2 57. Ke3 Re2+ 58. Kf4 Re1 59. Rh2 e3 60.
Bxe3 1-0

[Event "Madrid-ch Semifinal A"]
[Site "Madrid ESP"]
[Date "2016.03.08"]
[Round "2.1"]
[White "Gonzalez Mateos, Rafael"]
[Black "Plazuelo Pascual, Juan"]
[Result "1/2-1/2"]
[WhiteElo "2003"]
[BlackElo "2249"]
[PlyCount "59"]
[EventDate "2016.03.07"]
[EventType "swiss"]
[EventRounds "9"]
[EventCountry "ESP"]
[Source "lmi"]
[SourceDate "2016.03.07"]

1. d4 Nf6 2. c3 e6 3. Bf4 b6 4. Nd2 Bb7 5. Qc2 d5 6. Ngf3 Bd6 7. Bg3 c5 8. e3
Nc6 9. Bb5 O-O 10. dxc5 Bxc5 11. O-O Rc8 12. Rad1 a6 13. Bd3 Bd6 14. Qb1 Bxg3
15. hxg3 Qc7 16. e4 Ne5 17. Nxe5 Qxe5 18. exd5 Qxd5 19. Nf3 Qh5 20. Nh2 Rfd8
21. Qc2 Qc5 22. Qe2 Qa5 23. a3 Qa4 24. Bc2 Qc6 25. Nf3 h6 26. Rxd8+ Rxd8 27.
Rd1 Rxd1+ 28. Qxd1 Qd5 29. Qxd5 Bxd5 30. Kf1 1/2-1/2

[Event "Madrid-ch Semifinal A"]
[Site "Madrid ESP"]
[Date "2016.03.08"]
[Round "2.2"]
[White "Quevedo Marin, Manuel"]
[Black "Martos De La Vega, Alvar"]
[Result "1-0"]
[WhiteElo "2231"]
[BlackElo "1990"]
[PlyCount "139"]
[EventDate "2016.03.07"]
[EventType "swiss"]
[EventRounds "9"]
[EventCountry "ESP"]
[Source "lmi"]
[SourceDate "2016.03.07"]

1. e4 c5 2. Nf3 d6 3. d4 cxd4 4. Nxd4 Nf6 5. Nc3 a6 6. Bg5 e6 7. f4 Qc7 8. Qe2
b5 9. a3 Nbd7 10. O-O-O Rb8 11. Nd5 Qc4 12. Bxf6 Nxf6 13. Nxf6+ gxf6 14. Qxc4
bxc4 15. Bxc4 Bb7 16. Rhe1 Rg8 17. g3 h5 18. f5 Rc8 19. Bd3 Ke7 20. fxe6 fxe6
21. Bf1 Bh6+ 22. Kb1 Rc5 23. Rd3 Rgc8 24. Rb3 R8c7 25. Bh3 Bc8 26. c3 Kf7 27.
Rb6 Bf8 28. Rb8 Re5 29. Re2 Be7 30. Kc1 Bb7 31. Nf3 Rb5 32. Re3 Bf8 33. Kc2 Bh6
34. Re2 f5 35. Rxb7 Rcxb7 36. b4 fxe4 37. Rxe4 e5 38. Bf1 R5b6 39. a4 Rc7 40.
Kb3 a5 41. b5 Bg7 42. Bc4+ Kf6 43. Bd5 Bf8 44. Rh4 Rh7 45. g4 hxg4 46. Rxh7
gxf3 47. Bxf3 Bg7 48. Bd5 Kg6 49. Be4+ Kf6 50. Rh3 Ke6 51. Rg3 Bf6 52. c4 Rb8
53. Bd5+ Kf5 54. Rf3+ Kg6 55. h3 Rb6 56. Kc2 Bg5 57. Rf8 Bh4 58. Kd3 Be1 59.
Ke4 Kg7 60. Rc8 Bb4 61. Kf5 Bc5 62. Rg8+ Kh7 63. h4 Bd4 64. h5 Be3 65. Ra8 Bd2
66. Ke4 Bb4 67. Kf5 Bc3 68. Ke6 Bb4 69. Kf6 Bc3 70. Be4+ 1-0

[Event "Madrid-ch Semifinal A"]
[Site "Madrid ESP"]
[Date "2016.03.08"]
[Round "2.3"]
[White "Rottenwohrer Suarez, Juan"]
[Black "Pastor Alonso De Prado, Alberto"]
[Result "0-1"]
[WhiteElo "1985"]
[BlackElo "2141"]
[PlyCount "96"]
[EventDate "2016.03.07"]
[EventType "swiss"]
[EventRounds "9"]
[EventCountry "ESP"]
[Source "lmi"]
[SourceDate "2016.03.07"]

1. Nf3 d5 2. c4 e6 3. d4 Nf6 4. Nc3 Be7 5. cxd5 exd5 6. Bg5 c6 7. e3 Nbd7 8.
Bd3 h6 9. Bh4 O-O 10. O-O Re8 11. Qc2 Ne4 12. Bxe7 Qxe7 13. Bxe4 dxe4 14. Nd2
Nf6 15. Nc4 Bf5 16. a3 Rad8 17. b4 Nd5 18. Rab1 Qg5 19. Rb2 Re6 20. Ne2 h5 21.
Ng3 h4 22. f4 Qg6 23. Nxf5 Qxf5 24. Qe2 b6 25. Rc1 g5 26. Qh5 b5 27. Ne5 Nxe3
28. fxg5 Rxd4 29. Rf2 Qh7 30. Qxf7+ Qxf7 31. Nxf7 Nd5 32. Nh6+ Kh7 33. Nf5 Rc4
34. Rcf1 e3 35. Re2 Kg6 36. g3 h3 37. Nh4+ Kxg5 38. Rf5+ Kg4 39. Re1 e2 40. Kf2
Rce4 41. Rf7 Nc3 42. Rf5 Nd1+ 43. Kg1 Nb2 44. Rf3 Rd6 45. Rb3 Nd3 46. Rxd3 Rxd3
47. a4 Rd1 48. Kf2 Rxe1 0-1